01667nam a2200337 a 450000100060000000300080000600500170001400800410003102000180007203500190009004000360010904100080014504200080015304300120016108200220017310000320019524500440022725000120027126000850028330000410036850000340040950400510044365100290049494200120052399900170053595201570055295201550070995201550086495201550101995201550117474592BD-RjUL20211209082556.0181030s2012 enkab b 001 0 eng d a9780230308473 a(BD-RjUL)74810 aIEN/DLCcIENdDLCdBD-RjULbeng aeng apcc af------04a960223bSHH 20121 aShillington, Kevin.922448910aHistory of Africa /cKevin Shillington. a3rd ed. aHoundmills, Basingstoke, Hampshire :aNew York, NY :bPalgrave Macmillan,c2012. axxvi, 502 p. :bill., maps ;c26 cm. aFirst edition published 1989. aIncludes bibliographical references and index. 0aAfricaxHistory.9224490 2ddccBK c74592d74592 00102ddc40718NFICaRUCLbRUCLcReadingd2018-09-23eOrbital International, Dhakag2011.08l0o960 SHH 2012r2018-10-30 00:00:00tC-1w2018-10-30yBK 00102ddc40708NFICaRUCLbRUCLcStackd2018-09-23eOrbital International, Dhakag2011.08l0o960 SHH 2012r2018-10-30 00:00:00tC-2w2021-12-09yBK 00102ddc40708NFICaRUCLbRUCLcStackd2018-09-23eOrbital International, Dhakag2011.08l0o960 SHH 2012r2018-10-30 00:00:00tC-3w2018-10-30yBK 00102ddc40708NFICaRUCLbRUCLcStackd2018-09-23eOrbital International, Dhakag2011.08l0o960 SHH 2012r2018-10-30 00:00:00tC-4w2018-10-30yBK 00102ddc40708NFICaRUCLbRUCLcStackd2018-09-23eOrbital International, Dhakag2011.08l0o960 SHH 2012r2018-10-30 00:00:00tC-5w2018-10-30yBK